Rethinking development strategies after the financial crisis. Volume II: country studies and international comparisons (Record no. 56433)
[ view plain ]
| 000 -LEADER | |
|---|---|
| fixed length control field | 00916nam a2200169 a 4500 |
| 008 - FIXED-LENGTH DATA ELEMENTS--GENERAL INFORMATION | |
| fixed length control field | 181002s2016 ||||||||||||||||| || u |
| 020 ## - INTERNATIONAL STANDARD BOOK NUMBER | |
| International Standard Book Number | 9789211128956 |
| 050 ## - LIBRARY OF CONGRESS CALL NUMBER | |
| Classification number | UNCTAD(02016/4 |
| 110 ## - MAIN ENTRY--CORPORATE NAME | |
| Corporate name or jurisdiction name as entry element | United Nations Conference on Trade and Development (UNCTAD) |
| 245 10 - TITLE STATEMENT | |
| Title | Rethinking development strategies after the financial crisis. Volume II: country studies and international comparisons |
| Statement of responsibility, etc. | by United Nations Conference on Trade And Development [UNCTAD] |
| 260 ## - PUBLICATION, DISTRIBUTION, ETC. | |
| Place of publication, distribution, etc. | New York |
| Name of publisher, distributor, etc. | United Nations Conference on Trade and Development (UNCTAD) |
| Date of publication, distribution, etc. | 2016 |
| 300 ## - PHYSICAL DESCRIPTION | |
| Extent | ix, 92 pages : illustration |
| 650 ## - SUBJECT ADDED ENTRY--TOPICAL TERM | |
| Topical term or geographic name entry element | ECONOMIC POLICY -- 2001- |
| 650 #0 - SUBJECT ADDED ENTRY--TOPICAL TERM | |
| Topical term or geographic name entry element | GLOBAL FINANCIAL CRISIS, 2008-2009 |
| 650 #0 - SUBJECT ADDED ENTRY--TOPICAL TERM | |
| Topical term or geographic name entry element | ECONOMIC DEVELOPMENT |
| 995 ## - RECOMMENDATION 995 [LOCAL, UNIMARC FRANCE] | |
| -- | CBU-MAIN LIBRARY (Kitwe) |
| -- | 1 |
| -- | AVAILABLE |
| -- | Oct 2, 2018 |
| -- | United Nations Conference on Trade And Development (UNCTAD) |
| -- | International Publications |
| Withdrawn status | Lost status | Source of classification or shelving scheme | Damaged status | Not for loan | Home library | Current library | Shelving location | Date acquired | Total Checkouts | Full call number | Barcode | Date last seen | Price effective from | Koha item type |
|---|---|---|---|---|---|---|---|---|---|---|---|---|---|---|
| CBU-MAIN LIBRARY, KITWE. | CBU-MAIN LIBRARY, KITWE. | 11/30/2022 | UNCTAD(02016/4 | B3803 | 11/30/2022 | 11/30/2022 | MONOGRAPH |